LDR 00942naa#a2200241#i#450# 001 RU\\bibl\103377 005 20260416112254.4 011 ## _a2308-4057 100 ## _a20260325b2026####ek#y0rusy0150####ca 101 0# _aENG 102 ## _aRU 200 1# _aHematological profile of wild boar Sus scrofa (Linnaeus 1758) (Suina, Suidae) in the Kirov Region, Russia _eЖурнальная статья 210 1# _aКемерово _cКемеровский государственный университет _d2026 215 ## _a14 с. 608 ## _aЖурнальная статья _2local 675 ## _aСельское хозяйство. Лесное хозяйство. Охота. Рыбное хозяйство. 63 _zENG 700 #1 _aPerevozchikova _gMaria A. 700 #1 _aDomsky _gIgor A. 700 #1 _aSergeev _gAlexey A. 700 #1 _aEconomov _gAlexander V. 700 #1 _aDolgikh _gMikhail A. 700 #1 _aDolgikh _gАlexander V. 856 4# _azh-szf.ru _u